Understanding flight / (Record no. 36487)

MARC details
000 -LEADER
fixed length control field 00811nam a22002657a 4500
005 - DATE AND TIME OF LATEST TRANSACTION
control field 20160623123427.0
008 - FIXED-LENGTH DATA ELEMENTS--GENERAL INFORMATION
fixed length control field 100602t xxu||||| |||| 00| 0 eng d
010 ## - LCCN (DPL NO)
LC control number ENG-96274
020 ## - INTERNATIONAL STANDARD BOOK NUMBER
International Standard Book Number 9780070683549
Terms of availability 395.00
020 ## - INTERNATIONAL STANDARD BOOK NUMBER
International Standard Book Number 0070683549
Terms of availability 395.00
035 ## - SYSTEM CONTROL NUMBER
System control number EN-79807
037 ## - SOURCE OF ACQUISITION
Source of stock number/acquisition DBAD/PUB
040 ## - CATALOGING SOURCE
Original cataloging agency DPL
Language of cataloging Eng
082 ## - DEWEY DECIMAL CLASSIFICATION NUMBER
Classification number 629.13
100 ## - MAIN ENTRY--PERSONAL NAME
Personal name Anderson, David F
9 (RLIN) 21842
245 ## - TITLE STATEMENT
Title Understanding flight /
Statement of responsibility, etc by David F. Anderson [and] Scott Eberhardt
250 ## - EDITION STATEMENT
Edition statement 2nd ed.
260 ## - PUBLICATION, DISTRIBUTION, ETC. (IMPRINT)
Place of publication, distribution, etc New Delhi
Name of publisher, distributor, etc Tata McGraw Hill Education
Date of publication, distribution, etc 2010
270 ## - ADDRESS
Address 7 West Patel Nagar
City New Delhi
Postal code 110008
300 ## - PHYSICAL DESCRIPTION
Extent xviii, 293p.:
Other physical details ill.
Dimensions 24 cm. (Pbk)
500 ## - GENERAL NOTE
General note includes index
650 ## - SUBJECT ADDED ENTRY--TOPICAL TERM
Topical term or geographic name as entry element Aerodynamics
9 (RLIN) 21843
700 ## - ADDED ENTRY--PERSONAL NAME
Personal name Eberhardt, Scott
9 (RLIN) 21844
942 ## - ADDED ENTRY ELEMENTS (KOHA)
Source of classification or shelving scheme Dewey Decimal Classification
Item type English Books
Call number suffix AND
Classification part 629.13
Holdings
Withdrawn status Lost status Source of classification or shelving scheme Damaged status Not for loan Collection code Home library Current library Date acquired Source of acquisition Cost, normal purchase price Total Checkouts Full call number Barcode Date last seen Copy number Cost, replacement price Koha item type
    Dewey Decimal Classification   Not For Loan Non-fiction D.B.Act.Division D.B.Act.Division 10/05/2010 DBAD/PUB 395.00   629.13 AND EN-79807 02/06/2010 1 395.00 English Books

© Delhi Public Library
Hit Counter
free hit counter